000 00841nam a2200205 a 4500
003 0
005 20250203140139.0
008 130824s19uu xx 00 eng d
050 _aPHS LB 1607
_b.T594 2013
100 _aTiongson, Jose Fernando B.
245 _aExtracurricular activities and time management skills of Grade 11 students of Southville International School and Colleges /
_cJose Fernando B. Tiongson.
260 _aLas PiƱas City, Philippines :
_bSouthville International School and Colleges,
_c2013.
300 _a30 p. :
_bill. ;
_c28 cm.
504 _aIncludes bibliographical references.
650 _aExtracurricular activities
_vEducational aspects.
650 _aHigh school students
_vTime management.
650 _aStudent activities
_vAcademic performance.
650 _aTime management skills.
942 _2lcc
_cPASS
999 _c98942
_d98942